000 00656nam a2200181 a 4500
001 000046127
005 20240302073953.0
008 150624s1991 dr 000 0 spa d
040 _aDO-SdBNP
_bspa
_cBNPHU
082 _axxxxxxx
_bxxxxxxx
100 1 _aAdames, Julio
_933905
245 1 0 _aHuéspedes en la noche /
_cJulio Adames ; edición Carmen Pérez, Bruno Rosario Candelier.
260 _aSantiago, República Dominicana :
_bPUCMM,
_c1991.
300 _a103 p. ;
_c23 cm.
500 _aIncluye referencias bibliográficas y notas al pie de las páginas
700 1 _aPérez, Carmen,
_eed.
_974186
700 1 _aRosario Candelier, Bruno,
_d1941-
_eed.
_9851
999 _c45616
_d45616